[Event "Moscow op-E"]
[Site "Moscow"]
[Date "2011.02.04"]
[Round "7.201"]
[White "Mulyukov, Artur"]
[Black "Yeletsky, Ivan"]
[Result "1-0"]
[WhiteElo "2059"]
[BlackElo "1995"]
[PlyCount "79"]
[EventDate "2011.01.29"]
[EventType "swiss"]
[EventRounds "9"]
[EventCountry "RUS"]
[SourceTitle "EXT 2022"]
[Source "ChessBase"]
[SourceDate "2021.10.06"]
[SourceVersion "1"]
[SourceVersionDate "2021.10.06"]
[SourceQuality "1"]

1. d4 Nf6 2. Nf3 g6 3. Nc3 d5 4. Bf4 Bg7 5. Qd3 c6 6. e3 0-0 7. h3 Ne4 8. Nd2 f5 9. Be2 b6 10. Ncxe4 fxe4 11. Qb3 Kh8 12. h4 h6 13. Bg3 Nd7 14. c4 Nf6 15. cxd5 cxd5 16. Rc1 Bg4 17. f3 Bf5 18. 0-0 e6 19. Bc7 Qe7 20. Be5 exf3 21. Rc7 Qxc7 22. Bxc7 fxe2 23. Re1 Rfc8 24. Bd6 Bc2 25. Qb5 Bd1 26. Be5 Rc2 27. Nf3 Rf8 28. Qb4 Kh7 29. Qe7 Rc6 30. g4 Kg8 31. Qb7 Rfc8 32. g5 Nh5 33. Qxa7 Rf8 34. Kg2 Kh7 35. Bxg7 Nxg7 36. Ne5 Rcc8 37. Nd7 Rf5 38. Nf6+ Kh8 39. gxh6 Rg8 40. hxg7+ 1-0

[Event "Moscow op-E"]
[Site "Moscow"]
[Date "2011.02.03"]
[Round "6.160"]
[White "Geivondian, Arman"]
[Black "Mulyukov, Artur"]
[Result "1-0"]
[WhiteElo "2104"]
[BlackElo "2059"]
[PlyCount "81"]
[EventDate "2011.01.29"]
[EventType "swiss"]
[EventRounds "9"]
[EventCountry "RUS"]
[SourceTitle "EXT 2022"]
[Source "ChessBase"]
[SourceDate "2021.10.06"]
[SourceVersion "1"]
[SourceVersionDate "2021.10.06"]
[SourceQuality "1"]

1. d4 Nf6 2. c4 e6 3. Nf3 d5 4. Nc3 Be7 5. Bg5 h6 6. Bh4 0-0 7. e3 b6 8. cxd5 Nxd5 9. Bxe7 Qxe7 10. Nxd5 exd5 11. Bd3 Be6 12. Rc1 c5 13. Qa4 Nd7 14. 0-0 c4 15. Bb1 a6 16. Qc2 g6 17. Ne5 Nxe5 18. dxe5 Bf5 19. Qc3 Bxb1 20. Rxb1 Rfe8 21. f4 b5 22. Rbe1 Rad8 23. Qd4 Rd7 24. Rf3 Qe6 25. Rd1 Ree7 26. Qd2 Re8 27. Rh3 h5 28. Qf2 b4 29. Rg3 Kh7 30. Rg5 Qb6 31. g4 hxg4 32. f5 Rh8 33. e6 Re7 34. Rxg4 c3 35. Qh4+ Kg7 36. Rxg6+ fxg6 37. Qxe7+ Kh6 38. Qh4+ Kg7 39. f6+ Kg8 40. f7+ Kg7 41. Qxh8+ 1-0

[Event "Moscow op-E"]
[Site "Moscow"]
[Date "2011.01.29"]
[Round "1.6"]
[White "Paravyan, David"]
[Black "Mulyukov, Artur"]
[Result "1-0"]
[WhiteElo "2104"]
[BlackElo "2059"]
[PlyCount "73"]
[EventDate "2011.01.29"]
[EventType "swiss"]
[EventRounds "9"]
[EventCountry "RUS"]
[SourceTitle "EXT 2022"]
[Source "ChessBase"]
[SourceDate "2021.10.06"]
[SourceVersion "1"]
[SourceVersionDate "2021.10.06"]
[SourceQuality "1"]

1. e4 c6 2. d4 d5 3. e5 Bf5 4. Nd2 e6 5. Nb3 Nd7 6. Be3 Ne7 7. Nf3 h6 8. Be2 Bh7 9. 0-0 Nf5 10. Bd2 Be7 11. Bd3 0-0 12. c3 a5 13. a4 Qc7 14. Qc2 Bg6 15. Bf4 c5 16. dxc5 Nxc5 17. Nxc5 Bxc5 18. Rad1 Qe7 19. Kh1 Rfc8 20. g4 Nh4 21. Nxh4 Bxd3 22. Qxd3 Qxh4 23. f3 Bf8 24. Bg3 Qg5 25. h4 Qg6 26. Qxg6 fxg6 27. Rd4 Bc5 28. Rd3 Be7 29. b3 Rab8 30. f4 b5 31. f5 bxa4 32. bxa4 Rb3 33. fxe6 Rcxc3 34. Rxc3 Rxc3 35. Rf7 Bf8 36. Rd7 Rxg3 37. Rd8 1-0